Eurovision Song Contest Winners - Sudden Death - Statistics

General Stats
  • This quiz has been taken 117 times
  • The average score is 11 of 16
Answers on the Grid
Answers color-coded by a green-red scale on the quiz's grid according to % correct below.
ABBA
Alexander Rybak
Alla Pugacheva
Anggun
Antique
Baccara
Blue
Cascada
Céline Dion
Conchita Wurst
Dima Bilan
Hadise
Helena Paparizou
Jamala
Jedward
Johnny Logan
Julio Iglesias
Lordi
Loreen
Lulu
Måneskin
Marija Šerifović
Matt Monro
Olivia Newton-John
Ruslana
Safura
Sakis Rouvas
Sertab Erener
t.A.T.u.
Toto Cutugno
 
Answer Stats
Answer % Correct
ABBA
98%
Alexander Rybak
88%
Céline Dion
80%
Conchita Wurst
80%
Måneskin
77%
Loreen
76%
Lordi
74%
Ruslana
68%
Johnny Logan
67%
Jamala
65%
Helena Paparizou
58%
Marija Šerifović
54%
Dima Bilan
49%
Sertab Erener
48%
Toto Cutugno
37%
Lulu
33%
No matching quizzes found
Score Distribution
Percent of People with Each Score
Percentile by Number Answered
Your Score History
You have not taken this quiz